00361nam a2200157Ia 4500001000500000005001700005008004100022041000800063082001800071100002800089245002900117260000900146300003200155650000800187654000800195518620260306145850.0260306t2005||||xx |||||||||||||| ||spa|| aESP a337bS18 2005 aSalvatore, DominikeAUT 0aEconomía internacional c2005 axl, 826 páginas :c24 cm. aGEN aCAN